| 000 | 00486nam a2200181 a 4500 | ||
|---|---|---|---|
| 001 | 000042249 | ||
| 005 | 20201002040029.0 | ||
| 008 | 131120s1974 fr 000 0 spa d | ||
| 040 |
_aDO-SdBNP _bspa _cBNPHU |
||
| 082 |
_axxx _bG216a |
||
| 100 | 1 |
_aGarcía Salve, Francisco. _969273 |
|
| 245 | 1 | 3 |
_aEl Amargo / _cFrancisco García Salve. |
| 260 |
_aParís : _b[s.n.], _c1974. |
||
| 300 |
_a69 p. ; _c18 cm. |
||
| 490 | 1 | _aEbro | |
| 590 | _aInventariado, 2019/VM | ||
| 830 | 0 |
_aEbro _969274 |
|
| 999 |
_c41738 _d41738 |
||